| 000 | 00879nmm a2200253 a 4500 | ||
|---|---|---|---|
| 001 | ocm000701291 | ||
| 003 | TR-IsHL | ||
| 005 | 20201028135546.0 | ||
| 008 | 131209s1971 tu tur | ||
| 007 | cr cn | ||
| 035 |
_a701291 _b(N$T) |
||
| 050 | 0 | 4 |
_aTP492 _b.S64 1971 |
| 090 | 0 | 4 |
_aTP492 _b.S64 1971 |
| 245 | 1 | 0 |
_aSoğuk depolar _h[electronic resource] / _cİstanbul Ticaret Odası |
| 260 |
_aİstanbul : _bİstanbul Ticaret Odası, _c1971 |
||
| 300 | _a120 p. | ||
| 650 | 4 | _aMühendislik ve Teknoloji | |
| 650 | 4 | _aEngineering and Technology | |
| 650 | 0 | _aSoğutma ve soğutma makineleri | |
| 650 | 0 | _aRefrigeration and refrigerating machinery | |
| 650 | 7 |
_aBUSINESS & ECONOMICS / Industries / Food Industry _2bisacsh |
|
| 700 | 1 | _aİstanbul Ticaret Odası | |
| 856 | 4 | 0 | _uhttp://search.ebscohost.com/login.aspx?direct=true&scope=site&db=e011xww&AN=701291 |
| 999 |
_c6806 _d6806 |
||